Statistics for World's Biggest Cities According to the UN

Click here to take the quiz!

General Stats

  • This quiz has been taken 106 times
  • The average score is 34 of 50

Answer Stats

PopulationUrban Area% Correct
10.8 milParis
99%
37.8 milTokyo
99%
12.1 milMoscow
98%
18.6 milNew York
98%
19.5 milBeijing
97%
10.2 milLondon
96%
12.2 milLos Angeles
96%
8.7 milChicago
92%
25.0 milDelhi
91%
23.0 milShanghai
91%
18.4 milCairo
89%
20.8 milMexico City
89%
20.7 milMumbai
89%
10.2 milJakarta
86%
20.8 milSao Paulo
86%
12.8 milManila
84%
9.8 milSeoul
84%
12.6 milLagos
83%
9.1 milBangkok
80%
11.8 milGuangzhou
80%
14.0 milIstanbul
79%
20.1 milOsaka
79%
15.0 milBuenos Aires
76%
9.6 milBogota
74%
9.2 milJohannesburg
74%
14.8 milKolkata
74%
7.2 milHong Kong
73%
9.7 milLima
73%
8.4 milTehran
73%
17.0 milDhaka
71%
16.1 milKarachi
70%
12.8 milRio de Janeiro
68%
6.6 milKuala Lumpur
65%
11.1 milKinshasa
62%
9.6 milChennai
55%
7.1 milHo Chi Minh City
54%
8.5 milLahore
54%
6.5 milBaghdad
52%
10.9 milTianjin
51%
7.3 milChengdu
46%
8.7 milHyderabad
46%
10.7 milShenzhen
45%
9.4 milNagoya
43%
7.8 milWuhan
41%
7.1 milNanjing
38%
12.9 milChongqing
33%
9.7 milBengaluru
24%
7.1 milAhmadabad
11%
7.4 milDongguan
9%
7.0 milFoshan
2%

Score Distribution

Percentile by Number Answered

Percent of People with Each Score

Your Score History

You have not taken this quiz